Amici (Lp Smrl 6384) (Record n. 101481)

Dettagli MARC
000 -LEADER
fixed length control field 01298njm a2200325Ia 4500
001 - CONTROL NUMBER
control field 72052
003 - CONTROL NUMBER IDENTIFIER
control field IT-RoPAU
005 - DATE AND TIME OF LATEST TRANSACTION
control field 20220918181144.0
008 - FIXED-LENGTH DATA ELEMENTS--GENERAL INFORMATION
fixed length control field 131025s9999 xx 000 0 und d
040 ## - CATALOGING SOURCE
Original cataloging agency IT-RoPAU
040 ## - CATALOGING SOURCE
Transcribing agency IT-RoPAU
041 ## - LANGUAGE CODE
Language code of text/sound track or separate title ITALIANO
999 ## - SYSTEM CONTROL NUMBERS (KOHA)
Koha Dewey Subclass [OBSOLETE] n.d.
100 ## - MAIN ENTRY--PERSONAL NAME
Personal name Belleno Gianni
9 (RLIN) 24286
100 ## - MAIN ENTRY--PERSONAL NAME
Relator term Autore musica
9 (RLIN) 24287
100 ## - MAIN ENTRY--PERSONAL NAME
Miscellaneous information Codice autore musica SPICS: 23680
9 (RLIN) 24288
245 ## - TITLE STATEMENT
Title Amici (Lp Smrl 6384)
250 ## - EDITION STATEMENT
Edition statement 1a ed.
260 ## - PUBLICATION, DISTRIBUTION, ETC. (IMPRINT)
Place of publication, distribution, etc. ITALIA
260 ## - PUBLICATION, DISTRIBUTION, ETC. (IMPRINT)
Name of publisher, distributor, etc. RICORDI
Date of publication, distribution, etc. 1988 [1a Ed.:1988 - Ed. Lingua Orig.: 1988]
300 ## - PHYSICAL DESCRIPTION
Extent DISCO
300 ## - PHYSICAL DESCRIPTION
Dimensions 45 minuti (Testo: 0 pag.)
500 ## - GENERAL NOTE
General note Musica pop. Canzone italiana. Passato, amore, chiedere amore, bar, figlio. On the Broadway: canzone inglese. Cielo chiaro: canzone presentata al Festival di Sanremo 1988. Giorgia.
505 ## - FORMATTED CONTENTS NOTE
Formatted contents note Confini sottili - On the Broadway - Alberi - Sebastiano - Cielo chiaro - Nuvole - Naia - Non torno a casa - Per un amore
650 ## - SUBJECT ADDED ENTRY--TOPICAL TERM
Topical term or geographic name as entry element POP [DISCHI]
Relator term Codice MATERIA SPICS: 9950
9 (RLIN) 1001
700 ## - ADDED ENTRY--PERSONAL NAME
Personal name De Scalzi Vittorio
Relator term Autore testo e musica
Miscellaneous information Codice autore testo/musica SPICS: 23211
9 (RLIN) 24289
700 ## - ADDED ENTRY--PERSONAL NAME
Personal name Di Palo Nico
Relator term Autore
Miscellaneous information Codice autore SPICS: 23727
9 (RLIN) 24290
700 ## - ADDED ENTRY--PERSONAL NAME
Personal name New Trolls
Miscellaneous information Codice interprete SPICS: 9845
Relator term Interprete
9 (RLIN) 24291
942 ## - ADDED ENTRY ELEMENTS (KOHA)
Koha item type DISCHI
Source of classification or shelving scheme Dewey Decimal Classification
Dati di copia
Withdrawn status Lost status Damaged status Not for loan Home library Current library Date acquired Total Checkouts Full call number Date last seen Price effective from Koha item type Public note
    Buone Condizioni Not For Loan SPICS-MEDIATECA SPICS-MEDIATECA 25/10/2013   72052 25/10/2013 25/10/2013 DISCHI Progr. Ins.: 17165 / N.Vol.: 1 / Copie: 1 - Copia rara: n.d. / date import: 01.01.2014 - By Epidotti, Trombetti, Vaglietti
CREDITS: SOCIETA' SAN PAOLO Via A.Severo, 58 - ROMA (RM) & PERIODICI SAN PAOLO SRL Via Giotto, 36 MILANO & CISF Via Giotto, 36 MILANO & EDIZIONI SAN PAOLO SRL,  Piazza Soncino, 5 CINISELLO BALSAMO (MI) -- ITALY